01261nam a2200229 i 4500001000700000003000900007005001700016008004100033040003000074100002600104245005800130260008300188300003800271500003300309530003900342595003300381651004100414852029000455856013100745999001900876952013600895163356ES-MaACL20230906212726.0991006s1893 sp |||| | spa d aCCPB | B bspa cCCPB | B1 aRetana, W. E.914330610aCatálogo de la Biblioteca filipina de W. E. Retana. aMadrid : b[s.n.], c1893 (fImprenta de la Viuda de M. Minuesa de los Ríos) aVIII, 118 col., [3] h. ; c35 cm. aEl v. de todas las h. en bl. aDisponible también en sitio web. aEdición de 30 ejemplares. 4aFilipinas-vBibliografías.9137148 aES-MaACLjR-1748(4) z-- Enc. hol., conservando la enc. originalz-- Ded. del autor al Ateneo de Madrid z-- Ejemplar nº 4 (adjudicado a la Biblioteca del Ateneo de Madrid) de una edición de 30 ejemplareszEnc. en un vol. facticio x-- T594: Port. a dos tintas x Olim T-651-F uhttp://bibliotecadigitalhispanica.bne.es:80/webclient/DeliveryManager?pid=2139524&custom_att_2=simple_viewerzIr a la página c163356d163356 001040708Colección_digitalaATENEOMbATENEOMcDEPOd2008-01-17l0oR-1748(4)p1171182r2023-02-23 00:00:00w2023-02-23yMONANT